Countries but without the islands - Statistics

General Stats
  • This quiz has been taken 62 times
  • The average score is 13 of 15
Answer Stats
Picture Answer % Correct
United Kingdom
100%
Norway
96%
Spain
96%
Italy
94%
Australia
93%
Chile
93%
Greece
93%
Russia
89%
Croatia
87%
Cuba
87%
Sweden
87%
Canada
85%
Japan
83%
Netherlands
76%
Denmark
70%
No matching quizzes found
Score Distribution
Percent of People with Each Score
Percentile by Number Answered
Your Score History
You have not taken this quiz